USSR. Agriculture and Trade Report. Situation and Outlook Series (Record no. 832)

MARC details
000 -LEADER
fixed length control field 00518nam a22002057i 4500
001 - CONTROL NUMBER
control field 841
003 - CONTROL NUMBER IDENTIFIER
control field OSt
005 - DATE AND TIME OF LATEST TRANSACTION
control field 20170126082247.0
007 - PHYSICAL DESCRIPTION FIXED FIELD--GENERAL INFORMATION
fixed length control field tu
008 - FIXED-LENGTH DATA ELEMENTS--GENERAL INFORMATION
fixed length control field 161220s1989 xxu||||| |||| 00| 0 d
024 7# - OTHER STANDARD IDENTIFIER
Standard number or code 840
Source of number or code RID
040 ## - CATALOGING SOURCE
Transcribing agency OSt
084 ## - OTHER CLASSIFICATION NUMBER
Classification number 3.271
-- 16.20
Number source z
110 2# - MAIN ENTRY--CORPORATE NAME
Corporate name or jurisdiction name as entry element U.S. Department of Agriculture
Relator term Ed.
245 00 - TITLE STATEMENT
Title USSR. Agriculture and Trade Report. Situation and Outlook Series
260 ## - PUBLICATION, DISTRIBUTION, ETC.
Place of publication, distribution, etc. Washington D.C.,
Date of publication, distribution, etc. 1989.
300 ## - PHYSICAL DESCRIPTION
Extent 59 S. ;
Dimensions 30cm.
651 ## - SUBJECT ADDED ENTRY--GEOGRAPHIC NAME
Geographic name Soviet Union
866 #0 - TEXTUAL HOLDINGS--BASIC BIBLIOGRAPHIC UNIT
-- Frühere J. vorh.
942 ## - ADDED ENTRY ELEMENTS (KOHA)
Koha item type Book
Holdings
Withdrawn status Lost status Damaged status Not for loan Home library Current library Shelving location Date acquired Inventory number Total Checkouts Full call number Barcode Date last seen Price effective from Koha item type
        WIIW WIIW Souterrain 09/28/1992 841   II-4.122 300839 01/26/2017 01/26/2017 Book
The Vienna Instiute for International Economic Studies (wiiw)